logo

Bir Sreshtho Munshi Abdur Rouf Library
Jhenaidah Cadet College

You are born to blossom : take my journey beyond... / (Record no. 14185)

MARC details
000 -LEADER
fixed length control field 00724nam a2200241 a 4500
001 - CONTROL NUMBER
JCCL Control Number 14185
003 - CONTROL NUMBER IDENTIFIER
JCCL marc code BD-JhCC
005 - DATE AND TIME OF LATEST TRANSACTION
control field 20250208135330.0
008 - FIXED-LENGTH DATA ELEMENTS--GENERAL INFORMATION
fixed length control field 250208b2023 ii a|||| ||a| 001 0 eng d
020 ## - INTERNATIONAL STANDARD BOOK NUMBER
International Standard Book Number 9788184303360
035 ## - SYSTEM CONTROL NUMBER
system control number (BD-JhCC)14185
040 ## - CATALOGING SOURCE
Original cataloging agency BD-JhCC
Modifying agency BD-JhCC
041 ## - LANGUAGE CODE
Language code of Book english
082 ## - DEWEY DECIMAL CLASSIFICATION NUMBER
Classification number 920
Author mark and Year KAL 2023
100 ## - MAIN ENTRY--PERSONAL NAME
Personal name Kalam,A. P. J. Abdul
245 ## - TITLE STATEMENT
Title You are born to blossom : take my journey beyond... /
Statement of responsibility, etc A. P. J. Abdul Kalam, Arun Tiwari.
260 ## - PUBLICATION, DISTRIBUTION, ETC. (IMPRINT)
Place of publication, distribution, etc India:
Name of publisher, distributor, etc Ocean Books Pvt. Ltd.;
Date of publication, distribution, etc 2023.
300 ## - PHYSICAL DESCRIPTION
Pagination 93 p. :
Other physical details ill;
Dimensions 21 cm.
651 ## - SUBJECT ADDED ENTRY--GEOGRAPHIC NAME
Geographic name Abdul Kalam, A. P. J. 1931-2015 Conduct of life
General subdivision Biography & autobiography
700 ## - ADDED ENTRY--PERSONAL NAME
Personal name Tiwari,Arun
942 ## - ADDED ENTRY ELEMENTS (KOHA)
Source of classification or shelving scheme Dewey Decimal Classification
Koha item type Books
Holdings
Source of classification or shelving scheme Damaged status Not for loan Home library Current library Shelving location Date of accession Source of acquisition Cost, normal purchase price Total Checkouts Full call number Barcode Date last seen Copy number Method of acquisition Koha item type Currency
Dewey Decimal Classification     JCC Rouf Library JCC Rouf Library General Stacks   With the compliments of Maj (Retd) Syed Sakhawat Hussain,07/0388/K 100.00   920 KAL 2023 20011 02/08/2025 C-1 Gift/Donation Books BDT
Dewey Decimal Classification     JCC Rouf Library JCC Rouf Library General Stacks   With the compliments of Maj (Retd) Syed Sakhawat Hussain,07/0388/K 100.00   920 KAL 2023 20012 02/08/2025 C-2 Gift/Donation Books BDT

JCC Library | Contacts | JCC Home

Last Update on 23 September 2017
Copyright @ 2017-2020 JCC Rouf Library
Rouf Library, Jhenidah Cadet College (JCC), Bangladesh